Statistics for Smallest Countries by Population and Area

Click here to take the quiz!

General Stats

  • This quiz has been taken 158,892 times
    (51,189 since last reset)
  • The average score is 17 of 24

Answer Stats

Country % Correct
Vatican City
98%
San Marino
89%
Monaco
89%
Liechtenstein
88%
Andorra
86%
Nauru
75%
Saint Kitts and Nevis
75%
Tuvalu
74%
Palau
72%
Saint Lucia
72%
Malta
70%
Saint Vincent and the Grenadines
70%
Tonga
69%
Samoa
69%
Kiribati
67%
Marshall Islands
67%
Barbados
66%
Antigua and Barbuda
65%
Singapore
65%
Federated States of Micronesia
65%
Grenada
64%
Seychelles
63%
Maldives
62%
Dominica
55%

Score Distribution

Percentile by Number Answered

Percent of People with Each Score

Your Score History

You have not taken this quiz since the last reset